00731nam a2200229Ia 450000500170000000800410001702000260005804000190008404100120010308200160011524500280013126000280015930000240018744000300021150400600024165000290030170000240033085000100035494200070036499900160037195201140038720230127104341.0131103s9999 xx 000 0 und d a81-85229-44-9cRs. 90 aLoreto College aEnglish a954.01bHAB aPrehistorycIrfan Habib aNew DelhibTulikac2001 ax,76p, illus 24 cm. aPeople's History of India aPublished by Aligarh Historians Society. Includes index aIndia-History, ancient  aHabib, Irfan, auth. aLCLIB cBK c2104d52583 00102ddc4070aMAINbMAINd2013-11-04l19o954.01 HAB 43950pB980r2023-12-05s2023-12-05w2013-11-04yBKf